Zločiny velké Prahy : nové případy /

Uloženo v:
Hlavní autor: Drbohlav, Jan, 1968- (Autor)
Další autoři: Zikmund, Petr, 1976- (Autor)
Médium: Kniha
Jazyk:Czech
Vydáno: Praha : Česká televize, 2026
Vydání:Vydání první
Edice:Edice České televize
Celkem bylo vypůjčeno:0x
Tagy:
Žádné tagy
LEADER 01040nam a2200301 i 4500
001 106516
003 CZ-KlSVK
005 20260605080708.0
007 ta
008 260602s2026----xr-----g------000-j-cze-d
020 |a 9788074044052  |q (vázáno) :  |c Kč 399.00 
040 |a KLG001  |b cze  |e rda 
100 1 |a Drbohlav, Jan,  |d 1968-  |7 xx0057821  |4 aut  |9 108911 
245 1 0 |a Zločiny velké Prahy :  |b nové případy /  |c Jan Drbohlav, Petr Zikmund 
250 |a Vydání první 
264 1 |a Praha :  |b Česká televize,  |c 2026 
300 |a 420 stran ;  |c 22 cm 
336 |a text  |b txt  |2 rdacontent 
337 |a bez média  |b n  |2 rdamedia 
338 |a svazek  |b nc  |2 rdacarrier 
490 1 |a Edice ČT 
700 1 |a Zikmund, Petr,  |d 1976-  |7 ola2006357576  |4 aut  |9 117440 
710 2 |a Česká televize  |7 kn20010710705  |4 pbl  |9 117224 
830 0 |a Edice České televize 
910 |a UOG502 
942 |2 ddc  |c KN 
999 |d 106516 
993 |0 0  |1 421180107236  |2 ddc  |4 0  |7 0  |9 99960  |b 0  |c 107236  |d 2026-06-05  |e 0  |f DOSP  |h 399.00  |i Koupě  |l DOSP  |r 2026-06-05  |t 6  |w 2026-06-05  |y KN  |z KRIMI  |n